| 000 | 00777cam a22002411 4500 | ||
|---|---|---|---|
| 001 | ne 65002505 | ||
| 003 | DLC | ||
| 005 | 20260227111819.0 | ||
| 008 | 860814s1965 ua c b 000 0 arar | ||
| 010 | _ane 65002505 | ||
| 025 | _aPL480:UAR-C-124 | ||
| 035 | _a(OCoLC)23487945 | ||
| 040 |
_aDLC _cMiU _dDLC |
||
| 042 | _apremarc | ||
| 050 | 0 | 0 |
_aE842.9 _b.D5 |
| 100 | 1 | _aDiʻbīs, ʻAbd al-Jawwād Ḥamzah. | |
| 245 | 1 | 0 |
_aMaṣraʻ Kinidī wa-al-ṣahyūnīyah / _ctaʼlīf ʻAbd al-Jawād Ḥamzah Diʻbīs. |
| 260 |
_aal-Qāhirah, _bal-Dār al Qawmīyah lil-Ṭibāʻaḥ wa-al-Nashr, _c1965. |
||
| 300 |
_a75 p. _bports. _c19 cm. |
||
| 490 | 0 |
_aKutub qawmīyah, _v313 |
|
| 600 | 1 | 0 |
_aKennedy, John F. _q(John Fitzgerald), _d1917-1963 _xAssassination. |
| 650 | 0 | _aZionism | |
| 999 |
_c48552 _d48552 |
||